000 00530nam a2200193Ia 4500
005 20260120130632.0
008 008 260114s9999 xx 000 0 eng d
020 _a9780199897049
037 _aEBOOK
040 _aCRL
_beng
_cCRL
041 _aeng
_2eng
084 _qCRL
100 _aDing, PhD, Glanzman,PhD
_9917384
245 4 _aThe Dynamic Brain
260 _bOxford University PressOxford University Press
_c2011
856 _uhttps://academic.oup.com/book/8544
942 _cEBOOK
999 _c1509289
_d1509289